000 00656nam a2200253 a 4500
999 _c8398
_d8398
001 8398
003 BD-JhCC
005 20180222173916.0
008 180222s19662002i a|||| || | 001 0 eng d
020 _a8178670712
035 _a(BD-JhCC)8398
040 _aBD-JhCC
_dBD-JhCC
041 _aeng
082 _a530.15
_bARF 2002
100 _aArfken, George B.
245 _aMethematical Methods for Physicists /
_cGeorge B. Arfken,
250 _a5th ed.
260 _aNew Delhi :
_bAcademic Press,
_c2002.
300 _a1112 p. :
_bill. ;
_c21 cm.
504 _aIncludes Index
650 _aMathematical Physics
942 _2ddc
_cBK